[Event "Madrid ch 2023-2024 Final"]
[Site "Madrid ESP"]
[Date "2024.05.29"]
[Round "5.5"]
[White "Alfaya Marcelo, Roberto"]
[Black "Rey Martinez, Jaime"]
[Result "1-0"]
[WhiteElo "2265"]
[BlackElo "2313"]
[PlyCount "131"]
[EventDate "2024.05.25"]
[EventType "swiss"]
[EventRounds "7"]
[SourceTitle "Ajedrez en Madrid"]
[Source "lmi"]
[SourceDate "2024.05.25"]
[SourceVersion "1"]
[SourceVersionDate "2024.06.01"]
[SourceQuality "1"]

1. d4 Nf6 2. c4 e6 3. Nf3 d5 4. g3 dxc4 5. Bg2 Nc6 6. Qa4 Bb4+ 7. Bd2 Nd5 8.
Qc2 Nb6 9. Bxb4 Nxb4 10. Qc3 N4d5 11. Qa5 Qe7 12. O-O Qb4 13. Qxb4 Nxb4 14. Rc1
a5 15. Na3 Ke7 16. Nxc4 Nxc4 17. Rxc4 c6 18. a3 Nd5 19. Ne5 Nb6 20. Rc2 Rd8 21.
e3 f6 22. Nf3 Bd7 23. Nd2 Be8 24. Nb3 Bg6 25. Rcc1 Na4 26. Nc5 Nxc5 27. Rxc5
Ra6 28. Re1 Rb6 29. Re2 a4 30. f4 Rb3 31. Ra5 Bd3 32. Rd2 Bb5 33. Kf2 e5 34.
Bf3 exd4 35. exd4 Bc4 36. Rxa4 Bf7 37. Ra7 Kd6 38. Bd1 Rb5 39. Be2 Rb3 40. Ra5
Bd5 41. Bd1 Rb6 42. b4 Rb5 43. Ra7 g5 44. Be2 Rb6 45. f5 Be4 46. Ra5 Bd5 47.
Bd3 h5 48. Re2 g4 49. Ke3 Bf3 50. Re1 Kc7 51. Bf1 Bd5 52. Kd2 h4 53. Re7+ Kb8
54. Ke3 hxg3 55. hxg3 Rh8 56. Be2 Rh3 57. Kf4 Rh2 58. Kxg4 Rf2 59. Rc5 Kc8 60.
Rc3 Kd8 61. Rce3 Rh2 62. Re8+ Kd7 63. Rf8 Rh6 64. Kf4 Kd6 65. Ree8 Kd7 66. Rh8
1-0

[Event "Madrid ch 2023-2024 Final"]
[Site "Madrid ESP"]
[Date "2024.05.29"]
[Round "5.6"]
[White "Alonso Garcia, Aaron"]
[Black "Perez Diez, Victor"]
[Result "1-0"]
[WhiteElo "2460"]
[BlackElo "2012"]
[PlyCount "103"]
[EventDate "2024.05.25"]
[EventType "swiss"]
[EventRounds "7"]
[SourceTitle "Ajedrez en Madrid"]
[Source "lmi"]
[SourceDate "2024.05.25"]
[SourceVersion "1"]
[SourceVersionDate "2024.06.01"]
[SourceQuality "1"]

1. e4 c5 2. Nf3 g6 3. d4 cxd4 4. Nxd4 Nc6 5. Nc3 Bg7 6. Be3 Nf6 7. Bc4 O-O 8.
Bb3 Qa5 9. O-O d6 10. h3 Qh5 11. Nd5 Qxd1 12. Raxd1 Nxd5 13. exd5 Nxd4 14. Bxd4
b5 15. a4 a6 16. Rfe1 Bxd4 17. Rxd4 Re8 18. axb5 axb5 19. g4 Kg7 20. Kg2 Ra6
21. Kg3 e5 22. dxe6 fxe6 23. Re3 Bd7 24. Red3 d5 25. f4 Kf6 26. Re3 Ra1 27. c3
Rg1+ 28. Kf2 Rb1 29. Re2 Rh1 30. Kg2 Rc1 31. g5+ Kf7 32. h4 Ra8 33. Red2 Raa1
34. Rd1 Rxd1 35. Rxd1 Rxd1 36. Bxd1 Ke7 37. Kf2 Kd6 38. Ke3 e5 39. Bc2 Ke6 40.
Bd3 exf4+ 41. Kxf4 Kd6 42. h5 Be8 43. h6 Ke6 44. Ke3 Ke5 45. b4 d4+ 46. cxd4+
Kd6 47. Bb1 Bf7 48. Bc2 Kc6 49. d5+ Kd6 50. Kd4 Be8 51. Bd3 Bf7 52. Bxb5 1-0

[Event "Madrid ch 2023-2024 Final"]
[Site "Madrid ESP"]
[Date "2024.05.29"]
[Round "5.7"]
[White "Lopez de Turiso, Jose Angel"]
[Black "Rodriguez Melendez, Juan Humberto"]
[Result "0-1"]
[WhiteElo "1943"]
[BlackElo "2073"]
[PlyCount "132"]
[EventDate "2024.05.25"]
[EventType "swiss"]
[EventRounds "7"]
[SourceTitle "Ajedrez en Madrid"]
[Source "lmi"]
[SourceDate "2024.05.25"]
[SourceVersion "1"]
[SourceVersionDate "2024.06.01"]
[SourceQuality "1"]

1. e4 c5 2. Nf3 Nc6 3. c3 Nf6 4. Bd3 d5 5. e5 Ng4 6. Bb5 Bd7 7. Bxc6 bxc6 8. d3
Rb8 9. Qe2 Nh6 10. Nbd2 e6 11. Nf1 Nf5 12. Ng3 Be7 13. Nxf5 exf5 14. h4 h6 15.
Bf4 Be6 16. g3 Qb6 17. b3 a5 18. Kf1 a4 19. bxa4 Qa6 20. Kg2 Qxa4 21. Rab1 O-O
22. Qd2 Rfc8 23. Rb2 Rxb2 24. Qxb2 Qa6 25. Qc2 Ra8 26. Ra1 c4 27. d4 Qa4 28.
Qxa4 Rxa4 29. Kf1 Ra3 30. Bd2 Bd8 31. Ke2 Ba5 32. Ne1 f4 33. Nc2 Bxc3 34. Nxa3
Bxa1 35. Nc2 Bb2 36. Bxf4 Kf8 37. f3 h5 38. Kd1 Ke7 39. Nb4 Kd7 40. Be3 Bf5 41.
Nc2 Kc7 42. a4 Kb6 43. Nb4 Bc3 44. Na2 Bb2 45. Nb4 g6 46. Kd2 Bb1 47. g4 Kc7
48. a5 c3+ 49. Kd1 Ba3 50. Nc2 Be7 51. gxh5 gxh5 52. Bg5 Bxg5 53. hxg5 h4 54.
Ne3 h3 55. Ng4 Bf5 56. Nf2 h2 57. Kc1 Kb7 58. Nh1 Ka6 59. Ng3 Kxa5 60. f4 Kb4
61. Kd1 Kb5 62. Ke2 Kc4 63. Kd1 c5 64. dxc5 Kxc5 65. Ke2 d4 66. Kf3 c2 0-1

[Event "Madrid ch 2023-2024 Final"]
[Site "Madrid ESP"]
[Date "2024.05.29"]
[Round "5.8"]
[White "Pavon Mestras, Luis"]
[Black "Rios Rebollo, Victor"]
[Result "0-1"]
[WhiteElo "1885"]
[BlackElo "2039"]
[PlyCount "100"]
[EventDate "2024.05.25"]
[EventType "swiss"]
[EventRounds "7"]
[SourceTitle "Ajedrez en Madrid"]
[Source "lmi"]
[SourceDate "2024.05.25"]
[SourceVersion "1"]
[SourceVersionDate "2024.06.01"]
[SourceQuality "1"]

1. c4 e6 2. Nc3 d5 3. cxd5 exd5 4. d4 Nf6 5. Bg5 Be7 6. e3 c6 7. Bd3 Nbd7 8.
Nge2 Nh5 9. Bxe7 Qxe7 10. Qd2 g6 11. f3 Nb6 12. b3 Be6 13. O-O O-O 14. Kh1 Rad8
15. Rfe1 f6 16. Qc2 Qf7 17. Nb1 Ng7 18. Nd2 Bf5 19. Ng3 Bxd3 20. Qxd3 Rfe8 21.
b4 Ne6 22. b5 c5 23. dxc5 Nxc5 24. Qa3 Nca4 25. Rac1 Rc8 26. Ne2 Qf8 27. Qxf8+
Kxf8 28. Rxc8 Rxc8 29. Nb3 Rc2 30. h3 Rxa2 31. Ned4 Nc4 32. Rc1 a5 33. bxa6
bxa6 34. e4 Nab6 35. exd5 a5 36. Kh2 a4 37. Na1 Rd2 38. Ne6+ Kf7 39. Nc5 Ne3
40. Rg1 Nexd5 41. Rb1 f5 42. h4 h6 43. Rc1 Ne3 44. Rg1 g5 45. hxg5 hxg5 46. Kh3
Rd5 47. Rc1 Rd2 48. Rg1 Kf6 49. Rb1 Nbd5 50. g3 g4+ 0-1

[Event "Madrid ch 2023-2024 Final"]
[Site "Madrid ESP"]
[Date "2024.05.29"]
[Round "5.9"]
[White "Palomo Monserrat, Lorenzo"]
[Black "Martin Rodriguez, Emilio"]
[Result "0-1"]
[WhiteElo "1740"]
[BlackElo "2037"]
[PlyCount "104"]
[EventDate "2024.05.25"]
[EventType "swiss"]
[EventRounds "7"]
[SourceTitle "Ajedrez en Madrid"]
[Source "lmi"]
[SourceDate "2024.05.25"]
[SourceVersion "1"]
[SourceVersionDate "2024.06.01"]
[SourceQuality "1"]

1. d4 d5 2. c4 c6 3. Nc3 Nf6 4. Nf3 g6 5. g3 Bg7 6. Bg2 O-O 7. O-O Ne4 8. Qb3
Nxc3 9. bxc3 e6 10. Bf4 Nd7 11. a4 b6 12. cxd5 cxd5 13. c4 dxc4 14. Qxc4 Bb7
15. a5 Rc8 16. Qb4 Bd5 17. axb6 Rc4 18. Qb5 Nxb6 19. Rxa7 Nc8 20. Rd7 Qe8 21.
Rb1 Rc2 22. e3 Na7 23. Qa4 Ra2 24. Qxa2 Bxa2 25. Rbb7 Nc8 26. e4 Nb6 27. Rdc7
Qb5 28. Bf1 Qb1 29. Ng5 e5 30. dxe5 h6 31. Nf3 g5 32. Be3 Qxe4 33. Nd2 Qxe5 34.
Bxb6 Bd5 35. Ra7 Qe1 36. Be3 Re8 37. Re7 Rxe7 38. Rxe7 Bf6 39. Re8+ Kg7 40. h4
Qd1 41. hxg5 hxg5 42. Ne4 Bc6 43. Nxf6 Kxf6 44. Rh8 Bb5 45. Bd4+ Kf5 46. Rh1
Qxf1+ 47. Kh2 Qd3 48. Be3 Kg4 49. Rc1 Qe4 50. Rd1 Kf3 51. Rd2 Qh7+ 52. Kg1 Qh3
0-1

[Event "Madrid ch 2023-2024 Final"]
[Site "Madrid ESP"]
[Date "2024.05.29"]
[Round "5.10"]
[White "De Vicente Guijarro, Juan"]
[Black "Vazquez Gonzalez, Jesus"]
[Result "0-1"]
[WhiteElo "1872"]
[BlackElo "1955"]
[PlyCount "66"]
[EventDate "2024.05.25"]
[EventType "swiss"]
[EventRounds "7"]
[SourceTitle "Ajedrez en Madrid"]
[Source "lmi"]
[SourceDate "2024.05.25"]
[SourceVersion "1"]
[SourceVersionDate "2024.06.01"]
[SourceQuality "1"]

1. e4 g6 2. d4 Bg7 3. Nf3 c5 4. Nc3 Qa5 5. Be2 Nf6 6. O-O cxd4 7. Nxd4 O-O 8.
Nb3 Qd8 9. Re1 d6 10. Bf1 Nc6 11. h3 a6 12. Nd5 Nd7 13. c3 e6 14. Nf4 Nde5 15.
a4 Qe7 16. Be3 f5 17. exf5 Rxf5 18. Qd2 g5 19. Nh5 g4 20. Ng3 Rf7 21. h4 d5 22.
h5 Bf6 23. Rad1 Bd7 24. Nc5 Be8 25. b4 Rd8 26. Nb3 Nc4 27. Qc2 Nxe3 28. Rxe3
Bg5 29. Ree1 Bf4 30. Qe2 Ne5 31. Nc5 b6 32. Rd4 Bxg3 33. fxg3 bxc5 0-1

[Event "Madrid ch 2023-2024 Final"]
[Site "Madrid ESP"]
[Date "2024.05.29"]
[Round "5.12"]
[White "Pashov, Spas Nikolov"]
[Black "Blazquez Sanz, Oscar"]
[Result "0-1"]
[WhiteElo "1893"]
[BlackElo "1965"]
[PlyCount "48"]
[EventDate "2024.05.25"]
[EventType "swiss"]
[EventRounds "7"]
[SourceTitle "Ajedrez en Madrid"]
[Source "lmi"]
[SourceDate "2024.05.25"]
[SourceVersion "1"]
[SourceVersionDate "2024.06.01"]
[SourceQuality "1"]

1. e4 e6 2. d4 d5 3. Nd2 Nf6 4. e5 Nfd7 5. Bd3 c5 6. c3 Nc6 7. Ne2 cxd4 8. cxd4
f6 9. exf6 Nxf6 10. Nf3 Bd6 11. O-O O-O 12. Nc3 a6 13. Re1 Qc7 14. Bg5 Ng4 15.
g3 Qf7 16. Be2 e5 17. dxe5 Ncxe5 18. Qxd5 Qxd5 19. Nxd5 Nxf3+ 20. Bxf3 Rxf3 21.
Rad1 Bc5 22. Be3 Nxe3 23. Nxe3 Bh3 24. Rd5 Bxe3 0-1

[Event "Madrid ch 2023-2024 Final"]
[Site "Madrid ESP"]
[Date "2024.05.29"]
[Round "5.13"]
[White "Vukotic Jovsic, Dragan"]
[Black "Cardena Contreras, Javier"]
[Result "0-1"]
[WhiteElo "1849"]
[BlackElo "1885"]
[PlyCount "122"]
[EventDate "2024.05.25"]
[EventType "swiss"]
[EventRounds "7"]
[SourceTitle "Ajedrez en Madrid"]
[Source "lmi"]
[SourceDate "2024.05.25"]
[SourceVersion "1"]
[SourceVersionDate "2024.06.01"]
[SourceQuality "1"]

1. d4 d5 2. Bf4 Nf6 3. c4 e6 4. e3 Bd6 5. Bg3 c5 6. dxc5 Bxc5 7. Nc3 Bb4 8.
cxd5 Nxd5 9. Bb5+ Bd7 10. Bxd7+ Nxd7 11. Nge2 O-O 12. O-O N7f6 13. Qb3 Qe7 14.
e4 Nxc3 15. bxc3 Bc5 16. Bh4 Qc7 17. Bxf6 gxf6 18. Rab1 b6 19. Ng3 Rad8 20.
Rbd1 Qf4 21. Qc2 Kh8 22. Qe2 Bd6 23. Rd3 Be5 24. Rfd1 Rxd3 25. Rxd3 Qc1+ 26.
Nf1 Qg5 27. Rd7 Bxc3 28. Rxa7 Bd4 29. Rd7 Bc5 30. Nd2 Qe5 31. Nb3 f5 32. Nxc5
bxc5 33. f3 Rb8 34. Rd1 Rb2 35. Qd3 fxe4 36. fxe4 Rxa2 37. Qd6 Qxd6 38. Rxd6
Kg7 39. Rc6 Rc2 40. e5 Kg6 41. Rc7 h5 42. h3 h4 43. Kh2 c4 44. Rc5 c3 45. Rc4
Kf5 46. Rxh4 Kxe5 47. Rc4 Kd5 48. Rc7 f5 49. Kg3 e5 50. h4 f4+ 51. Kf3 Rc1 52.
h5 Ke6 53. h6 Kf6 54. Kg4 c2 55. Rc6+ Kf7 56. Kg5 f3 57. Rc7+ Ke6 58. gxf3 Rg1+
59. Kh5 c1=Q 60. Rxc1 Rxc1 61. Kg5 Rg1+ 0-1

[Event "Madrid ch 2023-2024 Final"]
[Site "Madrid ESP"]
[Date "2024.05.29"]
[Round "5.14"]
[White "Calderon Rojo, Borja"]
[Black "Gutierrez Diaz, Pablo"]
[Result "0-1"]
[WhiteElo "1876"]
[BlackElo "1994"]
[PlyCount "128"]
[EventDate "2024.05.25"]
[EventType "swiss"]
[EventRounds "7"]
[SourceTitle "Ajedrez en Madrid"]
[Source "lmi"]
[SourceDate "2024.05.25"]
[SourceVersion "1"]
[SourceVersionDate "2024.06.01"]
[SourceQuality "1"]

1. d4 Nf6 2. Bg5 Ne4 3. Bf4 g6 4. f3 Nf6 5. e4 d6 6. Nc3 Bg7 7. Qd2 c6 8. a4
O-O 9. Bh6 e5 10. Nge2 exd4 11. Nxd4 Nxe4 12. Nxe4 Qh4+ 13. g3 Qxh6 14. O-O-O
Qxd2+ 15. Rxd2 d5 16. Nd6 Rd8 17. Nxc8 Rxc8 18. Nb3 Re8 19. Bh3 Na6 20. c3 Bh6
21. f4 Re4 22. Kc2 Rxa4 23. Re1 Bf8 24. Rde2 Kg7 25. f5 Nc5 26. Nxc5 Bxc5 27.
Kd3 Rd8 28. b4 Bd6 29. Rf1 gxf5 30. Bxf5 d4 31. cxd4 Ra3+ 32. Kc2 Ra2+ 33. Kd3
Rxe2 34. Kxe2 Bxb4 35. Ke3 Bc3 36. Rf4 c5 37. Rg4+ Kf6 38. Bxh7 Bxd4+ 39. Ke4
Rh8 40. Rf4+ Kg7 41. Bf5 Rxh2 42. Bd7 Re2+ 43. Kd5 Re5+ 44. Kd6 Rg5 45. Rg4
Be5+ 46. Kxc5 Rxg4 47. Bxg4 Bxg3 48. Bf3 b6+ 49. Kb5 a5 50. Kxb6 a4 51. Kb5 a3
52. Bd5 f5 53. Kb4 Bd6+ 54. Kc3 Kf6 55. Kd4 Be5+ 56. Ke3 Bb2 57. Kf4 Bc1+ 58.
Kf3 Ke5 59. Bb3 Kd4 60. Be6 Kc3 61. Ke2 Kb2 62. Kd1 f4 63. Bc4 f3 64. Ke1 Be3
0-1

[Event "Madrid ch 2023-2024 Final"]
[Site "Madrid ESP"]
[Date "2024.05.30"]
[Round "6.1"]
[White "Suarez Uriel, Adrian"]
[Black "Martin Duque, Jesus"]
[Result "0-1"]
[WhiteElo "2401"]
[BlackElo "2343"]
[PlyCount "80"]
[EventDate "2024.05.25"]
[EventType "swiss"]
[EventRounds "7"]
[SourceTitle "Ajedrez en Madrid"]
[Source "lmi"]
[SourceDate "2024.05.25"]
[SourceVersion "1"]
[SourceVersionDate "2024.06.01"]
[SourceQuality "1"]

1. e4 e5 2. Nf3 Nc6 3. Bb5 a6 4. Ba4 Nf6 5. O-O b5 6. Bb3 Be7 7. Re1 O-O 8. a4
b4 9. d4 d6 10. c3 bxc3 11. bxc3 Bg4 12. d5 Na5 13. Ba2 Nd7 14. h3 Bxf3 15.
Qxf3 Nc5 16. Nd2 Bg5 17. Nc4 Nxc4 18. Bxc4 Bxc1 19. Rexc1 Qh4 20. Bd3 f5 21.
Qe3 fxe4 22. Bc2 Rf6 23. Rf1 Raf8 24. Bd1 Nd3 25. Ra2 Nf4 26. Kh2 Nxg2 27. Kxg2
Rf3 28. Bxf3 Rxf3 29. Re2 Qxh3+ 30. Kg1 Qg4+ 31. Kh2 Qh5+ 32. Kg2 Qg4+ 33. Kh2
Rf5 34. Qh3 Rh5 35. Re3 Rxh3+ 36. Rxh3 Qe2 37. Kg2 Qa2 38. Rd1 Qxa4 39. Rb1 h6
40. Rg3 Kh7 0-1

[Event "Madrid ch 2023-2024 Final"]
[Site "Madrid ESP"]
[Date "2024.05.30"]
[Round "6.2"]
[White "Lianes Garcia, Marcos"]
[Black "Torres Rebolledo, Alvaro"]
[Result "1/2-1/2"]
[WhiteElo "2416"]
[BlackElo "2100"]
[PlyCount "63"]
[EventDate "2024.05.25"]
[EventType "swiss"]
[EventRounds "7"]
[SourceTitle "Ajedrez en Madrid"]
[Source "lmi"]
[SourceDate "2024.05.25"]
[SourceVersion "1"]
[SourceVersionDate "2024.06.01"]
[SourceQuality "1"]

1. Nf3 Nf6 2. c4 e6 3. Nc3 d5 4. e3 Be7 5. b3 b6 6. Bb2 Bb7 7. cxd5 exd5 8. d4
Nbd7 9. Bd3 O-O 10. O-O Re8 11. Ne5 Nxe5 12. dxe5 Nd7 13. f4 Bc5 14. Kh1 Bxe3
15. Bxh7+ Kxh7 16. Qd3+ Kg8 17. Qxe3 d4 18. Qxd4 Nxe5 19. Nd5 Qxd5 20. Qxd5
Bxd5 21. fxe5 Rad8 22. Rad1 Rd7 23. Kg1 Red8 24. Rd4 c5 25. Rdf4 Be6 26. h3 Rd2
27. R1f2 Rxf2 28. Rxf2 Rd1+ 29. Rf1 Rd2 30. Rf2 Rd1+ 31. Rf1 Rd2 32. Rf2
1/2-1/2

[Event "Madrid ch 2023-2024 Final"]
[Site "Madrid ESP"]
[Date "2024.05.30"]
[Round "6.3"]
[White "Alfaya Marcelo, Roberto"]
[Black "Moreno Ruiz, Javier"]
[Result "0-1"]
[WhiteElo "2265"]
[BlackElo "2399"]
[PlyCount "52"]
[EventDate "2024.05.25"]
[EventType "swiss"]
[EventRounds "7"]
[SourceTitle "Ajedrez en Madrid"]
[Source "lmi"]
[SourceDate "2024.05.25"]
[SourceVersion "1"]
[SourceVersionDate "2024.06.01"]
[SourceQuality "1"]

1. d4 Nf6 2. c4 g6 3. Nf3 Bg7 4. g3 d5 5. cxd5 Nxd5 6. Bg2 Nb6 7. Nc3 Nc6 8. e3
O-O 9. O-O Re8 10. h3 a5 11. Qe2 e5 12. dxe5 Nxe5 13. Nxe5 Bxe5 14. f4 Bxc3 15.
bxc3 Bf5 16. Rd1 Qc8 17. Kh2 Be4 18. Rd4 Bxg2 19. Qxg2 c5 20. Rd1 Nc4 21. e4
Qc6 22. Rd5 Nb6 23. f5 Nxd5 24. exd5 Qa6 25. Qg1 Re2+ 26. Kh1 Qd3 0-1

[Event "Madrid ch 2023-2024 Final"]
[Site "Madrid ESP"]
[Date "2024.05.30"]
[Round "6.4"]
[White "Vioque Gonzalez, Nicolas"]
[Black "Horcajuelo Rocamora, Martin"]
[Result "1/2-1/2"]
[WhiteElo "2045"]
[BlackElo "2242"]
[PlyCount "91"]
[EventDate "2024.05.25"]
[EventType "swiss"]
[EventRounds "7"]
[SourceTitle "Ajedrez en Madrid"]
[Source "lmi"]
[SourceDate "2024.05.25"]
[SourceVersion "1"]
[SourceVersionDate "2024.06.01"]
[SourceQuality "1"]

1. d4 Nf6 2. Nc3 d5 3. Bg5 Nbd7 4. e3 e6 5. f4 c5 6. Nf3 Qb6 7. Rb1 Ne4 8. Be2
h6 9. Bh4 g5 10. Bg3 cxd4 11. exd4 Nxg3 12. hxg3 Qc7 13. Ne5 Bb4 14. O-O gxf4
15. gxf4 Nxe5 16. fxe5 Bd7 17. Bh5 O-O-O 18. Rf3 Kb8 19. Ne2 Be8 20. c3 Be7 21.
g4 Rf8 22. Qf1 Bh4 23. Nf4 Qe7 24. Qh3 Bg5 25. Qh2 Ka8 26. Nh3 Bh4 27. Rbf1 Bb5
28. Rxf7 Bxf1 29. Rxe7 Bxe7 30. Nf4 Bg5 31. Kxf1 Bxf4 32. Qh3 Bg5+ 33. Ke2 Rf4
34. Qd3 Rdf8 35. Qb5 Rf2+ 36. Ke1 Rh2 37. Bf7 a6 38. Qd7 Bh4+ 39. Kd1 Rf2 40.
Bxe6 R8f3 41. Qc8+ Ka7 42. Qc5+ Kb8 43. Bf5 Rxb2 44. Qc8+ Ka7 45. Qc5+ Kb8 46.
Qf8+ 1/2-1/2

[Event "Madrid ch 2023-2024 Final"]
[Site "Madrid ESP"]
[Date "2024.05.30"]
[Round "6.5"]
[White "Rey Martinez, Jaime"]
[Black "Bravo De La Vega, Alvaro"]
[Result "1/2-1/2"]
[WhiteElo "2313"]
[BlackElo "2027"]
[PlyCount "30"]
[EventDate "2024.05.25"]
[EventType "swiss"]
[EventRounds "7"]
[SourceTitle "Ajedrez en Madrid"]
[Source "lmi"]
[SourceDate "2024.05.25"]
[SourceVersion "1"]
[SourceVersionDate "2024.06.01"]
[SourceQuality "1"]

1. e4 e5 2. Nf3 Nc6 3. d4 exd4 4. Nxd4 Nf6 5. Nxc6 bxc6 6. e5 Qe7 7. Qe2 Nd5 8.
h4 d6 9. c4 Nb6 10. exd6 cxd6 11. Qxe7+ Bxe7 12. Nc3 Be6 13. b3 Bf6 14. Bd2 O-O
15. Be2 Rfe8 1/2-1/2

[Event "Madrid ch 2023-2024 Final"]
[Site "Madrid ESP"]
[Date "2024.05.30"]
[Round "6.6"]
[White "Rios Rebollo, Victor"]
[Black "Vazquez Gonzalez, Jesus"]
[Result "1-0"]
[WhiteElo "2039"]
[BlackElo "1955"]
[PlyCount "47"]
[EventDate "2024.05.25"]
[EventType "swiss"]
[EventRounds "7"]
[SourceTitle "Ajedrez en Madrid"]
[Source "lmi"]
[SourceDate "2024.05.25"]
[SourceVersion "1"]
[SourceVersionDate "2024.06.01"]
[SourceQuality "1"]

1. d4 g6 2. c4 Bg7 3. e4 c5 4. d5 e5 5. Nc3 d6 6. Bd3 Ne7 7. h4 f5 8. exf5 Bxf5
9. h5 Nd7 10. g4 Bxd3 11. Qxd3 Qa5 12. Bd2 O-O 13. hxg6 hxg6 14. Nf3 Nf6 15.
Ng5 Qa6 16. Ne6 Rfc8 17. Bg5 Qa5 18. O-O-O e4 19. Qh3 Kf7 20. Nxg7 Rh8 21. Qg3
Kxg7 22. Bxf6+ Kxf6 23. Qxd6+ Kf7 24. Qe6+ 1-0

[Event "Madrid ch 2023-2024 Final"]
[Site "Madrid ESP"]
[Date "2024.05.30"]
[Round "6.7"]
[White "Martin Rodriguez, Emilio"]
[Black "Martinez Fernandez, Raul"]
[Result "0-1"]
[WhiteElo "2037"]
[BlackElo "2181"]
[PlyCount "44"]
[EventDate "2024.05.25"]
[EventType "swiss"]
[EventRounds "7"]
[SourceTitle "Ajedrez en Madrid"]
[Source "lmi"]
[SourceDate "2024.05.25"]
[SourceVersion "1"]
[SourceVersionDate "2024.06.01"]
[SourceQuality "1"]

1. d4 Nf6 2. Nf3 d5 3. e3 b6 4. Nbd2 g6 5. c4 e6 6. Ne5 Bb7 7. Ndf3 Ne4 8. cxd5
Bxd5 9. Bd3 Bb4+ 10. Kf1 O-O 11. h4 f6 12. Qc2 Nxf2 13. Bxg6 Nxh1 14. Bxh7+ Kh8
15. Qg6 Be4 16. Nf7+ Rxf7 17. Qxf7 Bxh7 18. Qxe6 Ng3+ 19. Kg1 Ne4 20. a3 Bd6
21. Bd2 Qg8 22. Qh3 Nc6 0-1

[Event "Madrid ch 2023-2024 Final"]
[Site "Madrid ESP"]
[Date "2024.05.30"]
[Round "6.8"]
[White "Perez Diez, Victor"]
[Black "Pavon Mestras, Luis"]
[Result "1-0"]
[WhiteElo "2012"]
[BlackElo "1885"]
[PlyCount "71"]
[EventDate "2024.05.25"]
[EventType "swiss"]
[EventRounds "7"]
[SourceTitle "Ajedrez en Madrid"]
[Source "lmi"]
[SourceDate "2024.05.25"]
[SourceVersion "1"]
[SourceVersionDate "2024.06.01"]
[SourceQuality "1"]

1. e4 c5 2. Nc3 Nc6 3. g3 g6 4. Bg2 Bg7 5. d3 d6 6. Be3 Rb8 7. Qd2 b5 8. Nge2
b4 9. Nd1 e5 10. O-O h5 11. f4 Nge7 12. f5 Ng8 13. Nf2 Nd4 14. fxg6 fxg6 15. c3
Nxe2+ 16. Qxe2 Nh6 17. Qd2 Nf7 18. d4 cxd4 19. cxd4 O-O 20. dxe5 Bxe5 21. Bxa7
Rb7 22. Be3 Be6 23. Nd3 Qa5 24. Nxe5 dxe5 25. Rf6 Re8 26. Rxg6+ Kh7 27. Rf6 Qc7
28. Qf2 Qd7 29. h3 Rh8 30. Kh2 Kg7 31. b3 Ra8 32. Rf1 Rh8 33. Bc1 Rh7 34. Rg6+
Kf8 35. Bh6+ Rxh6 36. Rxh6 1-0

[Event "Madrid ch 2023-2024 Final"]
[Site "Madrid ESP"]
[Date "2024.05.30"]
[Round "6.9"]
[White "Blazquez Sanz, Oscar"]
[Black "Lopez de Turiso, Jose Angel"]
[Result "1-0"]
[WhiteElo "1965"]
[BlackElo "1943"]
[PlyCount "167"]
[EventDate "2024.05.25"]
[EventType "swiss"]
[EventRounds "7"]
[SourceTitle "Ajedrez en Madrid"]
[Source "lmi"]
[SourceDate "2024.05.25"]
[SourceVersion "1"]
[SourceVersionDate "2024.06.01"]
[SourceQuality "1"]

1. e4 e5 2. Nf3 Nc6 3. Bc4 f5 4. d4 fxe4 5. Nxe5 d5 6. Bb5 Qd6 7. O-O Bd7 8.
Bxc6 bxc6 9. f3 Nf6 10. fxe4 dxe4 11. Bg5 Be7 12. Nc3 O-O 13. Bxf6 Rxf6 14.
Rxf6 gxf6 15. Nxd7 Qxd7 16. Nxe4 Qd5 17. Qd3 Rd8 18. c3 c5 19. Rf1 cxd4 20.
Nxf6+ Bxf6 21. Rxf6 dxc3 22. Qg3+ Kh8 23. Qxc3 Qd4+ 24. Qxd4 Rxd4 25. g3 Kg7
26. Rf2 Rc4 27. Kf1 Kg6 28. Ke2 Rd4 29. Ke3 Rd7 30. Rc2 h5 31. Kf4 Rf7+ 32. Ke5
Kg5 33. Ke6 Kg6 34. h3 Rf3 35. Rc3 Rf7 36. Ra3 Rf2 37. Rb3 Rh2 38. h4 Rd2 39.
Ke5 c5 40. Rb5 c4 41. a3 Rd3 42. Kf4 Rd4+ 43. Kf3 Rd3+ 44. Kg2 c3 45. bxc3 Rxc3
46. Rg5+ Kh6 47. Ra5 Rc7 48. Ra6+ Kh7 49. Ra5 Kh6 50. Kf3 Rf7+ 51. Ke4 Rg7 52.
Ra6+ Kh7 53. Kf4 Rg4+ 54. Kf3 Rg7 55. a4 Rf7+ 56. Kg2 Rb7 57. Ra5 Kh6 58. Rb5
Rc7 59. Re5 Rc4 60. Re6+ Kh7 61. Re7+ Kg6 62. Rxa7 Rc2+ 63. Kh3 Rc3 64. Ra6+
Kg7 65. Ra5 Kh6 66. Rb5 Ra3 67. a5 Kg6 68. Rb6+ Kg7 69. Rb5 Kg6 70. Kg2 Kh6 71.
Rb6+ Kh7 72. a6 Kg7 73. Rb7+ Kg6 74. a7 Kf5 75. Kf2 Kg4 76. Rg7+ Kh3 77. Ke2
Ra4 78. Kd3 Kg2 79. g4 hxg4 80. Rxg4+ Rxg4 81. a8=Q+ Kg3 82. h5 Rh4 83. Qg8+
Kh3 84. Qg6 1-0

[Event "Madrid ch 2023-2024 Final"]
[Site "Madrid ESP"]
[Date "2024.05.30"]
[Round "6.10"]
[White "Gutierrez Diaz, Pablo"]
[Black "Palomo Monserrat, Lorenzo"]
[Result "1-0"]
[WhiteElo "1994"]
[BlackElo "1740"]
[PlyCount "57"]
[EventDate "2024.05.25"]
[EventType "swiss"]
[EventRounds "7"]
[SourceTitle "Ajedrez en Madrid"]
[Source "lmi"]
[SourceDate "2024.05.25"]
[SourceVersion "1"]
[SourceVersionDate "2024.06.01"]
[SourceQuality "1"]

1. e4 c5 2. Nf3 d6 3. Bb5+ Nd7 4. O-O Ngf6 5. Re1 g6 6. c3 a6 7. Bf1 Bg7 8. d4
O-O 9. h3 e5 10. Nbd2 Qc7 11. a4 b6 12. Nc4 Bb7 13. dxe5 dxe5 14. Qd6 Qxd6 15.
Nxd6 Bc6 16. Bc4 Ne8 17. Rd1 h6 18. Nh4 Nxd6 19. Rxd6 Rfc8 20. Nxg6 b5 21. Ne7+
Kf8 22. Nxc8 Rxc8 23. axb5 axb5 24. Bd5 Bxd5 25. exd5 Nf6 26. Bxh6 Ke7 27. Rb6
Bxh6 28. Ra7+ Kf8 29. Rxf6 1-0

[Event "Madrid ch 2023-2024 Final"]
[Site "Madrid ESP"]
[Date "2024.05.30"]
[Round "6.11"]
[White "Cardena Contreras, Javier"]
[Black "De Vicente Guijarro, Juan"]
[Result "1-0"]
[WhiteElo "1885"]
[BlackElo "1872"]
[PlyCount "37"]
[EventDate "2024.05.25"]
[EventType "swiss"]
[EventRounds "7"]
[SourceTitle "Ajedrez en Madrid"]
[Source "lmi"]
[SourceDate "2024.05.25"]
[SourceVersion "1"]
[SourceVersionDate "2024.06.01"]
[SourceQuality "1"]

1. e4 c5 2. Nc3 a6 3. Nge2 d6 4. g3 Nc6 5. d4 cxd4 6. Nxd4 Nf6 7. Bg2 e5 8. Nb3
h6 9. O-O Be7 10. h3 Be6 11. Be3 Rc8 12. Qd2 a5 13. Rad1 Bc4 14. Rfe1 b5 15.
Nd5 Nxd5 16. exd5 Nb4 17. Nc1 Nxa2 18. Nxa2 Bxa2 19. Ra1 1-0